000 01717nam0a2200337 4500
001 RU\NLR\bibl\74090
005 20260405203732.0
010 _a5-7042-0809-6
_9500
021 _aRU
_b1999-43707
_92150
035 _a(NLR Aleph) 000072296
090 _a399254
_c399254
100 _a20000310d1996 |||y0rusy50 ca
101 0 _arus
_eeng
102 _aRU
105 _ay |||||||||
200 1 _aГуманитарный потенциал профессионально ориентированного курса дифференциальных уравнений в педвузе
_fР.М. Асланов
_gНауч. ред. д.ф.-м.н., проф., чл.-корр. РАО И.И. Баврин
_gГос. ком. Рос. Федерации по высш. образованию, Моск. пед. гос. ун-т, Гяндж. гос. пед. ин-т им. Г. Зардаби
210 _aМ.
_cПрометей
_d1996
215 _a127,[2] с.
_d20
300 _aЧасть текста на англ. яз.
320 _aБиблиогр.: с. 91-92, 115-127 (134 назв.)
606 0 _aДифференциальные уравнения
_xПреподавание
_xВысшие педагогические учебные заведения
_92157579
_3RU\NLR\auth\661298753
686 _aЧ486.24 -1
700 1 _4070
_8rus
_7ca
_aАсланов
_bР. М. оглы
_cд-р пед. наук, канд. физ.-мат. наук
_f1947-
_gРамиз Муталлим оглы
_3RU\NLR\AUTH\7791072
_973999
801 0 _aRU
_bNLR
_c20000310
_gPSBO
801 1 _aRU
_bNLR
_c20000310
830 _aАвт. по кн.
852 _aNLR
_j99-3/20373
942 _cBOOK
980 _aNB